[Event "Provence-ch Majeur op 9899"]
[Site "France"]
[Date "1999.??.??"]
[Round "9"]
[White "Fortuit, Emilie"]
[Black "Tomasi, Stephane"]
[Result "1/2-1/2"]
[WhiteElo "1800"]
[BlackElo "1860"]
[PlyCount "71"]
[EventDate "1998.??.??"]
[EventType "swiss"]
[EventRounds "9"]
[EventCountry "FRA"]
[SourceTitle "EXT 2005"]
[Source "ChessBase"]
[SourceDate "2004.11.15"]
[SourceVersion "1"]
[SourceVersionDate "2004.11.15"]
[SourceQuality "1"]

1. e4 e5 2. Bc4 Nf6 3. Nf3 Nc6 4. Ng5 d5 5. exd5 Nxd5 6. Nxf7 Kxf7 7. Qf3+ Qf6 8. Bxd5+ Be6 9. Bxc6 bxc6 10. Qxc6 Bd6 11. Nc3 Rhf8 12. Ne4 Qg6 13. d3 Rab8 14. b3 Rb6 15. Nxd6+ cxd6 16. Qf3+ Kg8 17. Qg3 Qf5 18. 0-0 Bd5 19. c4 Bc6 20. Be3 Rb7 21. d4 Rf6 22. d5 Be8 23. Qg5 Qc8 24. Qh4 Rg6 25. h3 Qf5 26. Qd8 Kf8 27. f4 e4 28. g4 h5 29. Kg2 hxg4 30. h4 Rd7 31. Qb8 g3 32. Rae1 Rh6 33. Bd4 Rxh4 34. Rh1 Rh2+ 35. Rxh2 gxh2 36. Kxh2 1/2-1/2

[Event "Provence-ch access Meyreuil 9798"]
[Site "France"]
[Date "1998.??.??"]
[Round "4"]
[White "Tomasi, Stephane"]
[Black "Jouanny, Sebastien"]
[Result "1/2-1/2"]
[WhiteElo "1790"]
[BlackElo "1720"]
[PlyCount "54"]
[EventDate "1997.??.??"]
[EventType "tourn"]
[EventRounds "9"]
[EventCountry "FRA"]
[SourceTitle "EXT 2005"]
[Source "ChessBase"]
[SourceDate "2004.11.15"]
[SourceVersion "1"]
[SourceVersionDate "2004.11.15"]
[SourceQuality "1"]

1. e4 d5 2. exd5 Nf6 3. Nc3 c6 4. d4 Bg4 5. Be2 Bxe2 6. Ngxe2 cxd5 7. Bf4 e6 8. 0-0 Be7 9. Nb5 Na6 10. c4 dxc4 11. Rc1 0-0 12. Rxc4 Nd5 13. Be5 Qb6 14. Qb3 Rac8 15. Rfc1 Rxc4 16. Qxc4 Bf6 17. Bd6 Be7 18. Be5 Bf6 19. b3 Bxe5 20. dxe5 Nab4 21. a4 Nc6 22. Qe4 a6 23. Nd6 h6 24. h3 Nde7 25. Rc3 Ng6 26. Nc4 Qc5 27. Nd6 Qxe5 1/2-1/2

[Event "Provence-ch Principal 9596"]
[Site "France"]
[Date "1995.??.??"]
[Round "7"]
[White "Lenfant, Francois"]
[Black "Tomasi, Stephane"]
[Result "1-0"]
[WhiteElo "2070"]
[BlackElo "1750"]
[PlyCount "65"]
[EventDate "1995.??.??"]
[EventType "tourn"]
[EventRounds "9"]
[EventCountry "FRA"]
[SourceTitle "EXT 2005"]
[Source "ChessBase"]
[SourceDate "2004.11.15"]
[SourceVersion "1"]
[SourceVersionDate "2004.11.15"]
[SourceQuality "1"]

1. e4 Nf6 2. e5 Nd5 3. d4 d6 4. Nf3 g6 5. Bc4 Nb6 6. Bb3 Bg7 7. Ng5 e6 8. Qf3 0-0 9. Qh3 h6 10. Nf3 Kh7 11. Ng5+ Kg8 12. Nf3 Kh7 13. Bg5 Qe8 14. Bf6 N8d7 15. Bxg7 Kxg7 16. Nc3 dxe5 17. dxe5 Nc5 18. 0-0 Bd7 19. Qg3 a5 20. a3 Nxb3 21. cxb3 Bc6 22. h4 Kh7 23. Nd2 Qe7 24. Nde4 Bxe4 25. Nxe4 Nd5 26. Rad1 Rad8 27. h5 g5 28. Rxd5 exd5 29. Nf6+ Kg7 30. f4 Rg8 31. fxg5 Kh8 32. Qd3 Rg7 33. gxh6 1-0

[Event "Provence-ch Principal 9596"]
[Site "France"]
[Date "1995.??.??"]
[Round "6"]
[White "Tomasi, Stephane"]
[Black "Anton, Jose"]
[Result "1-0"]
[WhiteElo "1750"]
[BlackElo "1850"]
[PlyCount "63"]
[EventDate "1995.??.??"]
[EventType "tourn"]
[EventRounds "9"]
[EventCountry "FRA"]
[SourceTitle "EXT 2005"]
[Source "ChessBase"]
[SourceDate "2004.11.15"]
[SourceVersion "1"]
[SourceVersionDate "2004.11.15"]
[SourceQuality "1"]

1. b4 a5 2. b5 c6 3. e4 d5 4. e5 Bf5 5. Ba3 Nd7 6. d4 c5 7. c3 e6 8. Bd3 Bxd3 9. Qxd3 g6 10. Nf3 c4 11. Qe2 Bh6 12. Nbd2 Qb6 13. Rb1 a4 14. 0-0 Ra5 15. Nxc4 dxc4 16. Qxc4 Qd8 17. d5 Nb6 18. Qc5 Nxd5 19. Rfd1 Qb8 20. c4 Nde7 21. Rd3 b6 22. Qd6 Qxd6 23. exd6 Nf5 24. d7+ Kd8 25. Ne5 Nf6 26. Nxf7+ Kc7 27. d8Q+ Rxd8 28. Rxd8 Bf4 29. g3 Be5 30. Rbd1 Bc3 31. R8d3 Ne4 32. Rd7+ 1-0

[Event "Provence-ch Majeur op 9495"]
[Site "France"]
[Date "1994.??.??"]
[Round "4"]
[White "Poggio, Pierre"]
[Black "Tomasi, Stephane"]
[Result "1/2-1/2"]
[WhiteElo "1860"]
[BlackElo "1750"]
[PlyCount "80"]
[EventDate "1994.??.??"]
[EventType "swiss"]
[EventRounds "9"]
[EventCountry "FRA"]
[SourceTitle "EXT 2005"]
[Source "ChessBase"]
[SourceDate "2004.11.15"]
[SourceVersion "1"]
[SourceVersionDate "2004.11.15"]
[SourceQuality "1"]

1. d4 Nf6 2. c4 g6 3. Nc3 d5 4. cxd5 Nxd5 5. e4 Nxc3 6. bxc3 Bg7 7. Nf3 c5 8. Rb1 0-0 9. Be2 b6 10. Be3 Bb7 11. e5 cxd4 12. cxd4 Na6 13. Qd2 Nc7 14. h4 Nd5 15. h5 Nxe3 16. fxe3 e6 17. Bd3 Rc8 18. a4 Rc7 19. Rh3 Qe7 20. Kf2 Rfc8 21. hxg6 hxg6 22. Rbh1 Bxf3 23. gxf3 Qa3 24. Kg3 Rc1 25. f4 Rxh1 26. Rxh1 Rc3 27. Rd1 Qxa4 28. Qxc3 Qxd1 29. Be4 a5 30. Qc6 Qg1+ 31. Kf3 Kh7 32. Qxb6 a4 33. Qb7 a3 34. Qb1 Qh2 35. d5 exd5 36. Bxd5 Qb2 37. Qa2 Bxe5 38. fxe5 Qxe5 39. Qxa3 Qxd5+ 40. Kf2 Qf5+ 1/2-1/2

[Event "Provence-ch access Meyreuil 9394"]
[Site "France"]
[Date "1993.??.??"]
[Round "9"]
[White "Cimolai, Jean"]
[Black "Tomasi, Stephane"]
[Result "1-0"]
[WhiteElo "1920"]
[BlackElo "1760"]
[PlyCount "53"]
[EventDate "1993.??.??"]
[EventType "tourn"]
[EventRounds "9"]
[EventCountry "FRA"]
[SourceTitle "EXT 2005"]
[Source "ChessBase"]
[SourceDate "2004.11.15"]
[SourceVersion "1"]
[SourceVersionDate "2004.11.15"]
[SourceQuality "1"]

1. Nf3 d5 2. g3 c5 3. c4 d4 4. Bg2 Nc6 5. 0-0 Nf6 6. d3 e5 7. e3 Be7 8. exd4 exd4 9. Re1 0-0 10. b3 Re8 11. Bb2 Bg4 12. Na3 Nd7 13. Qd2 Bf5 14. Nc2 a5 15. a3 Qc7 16. b4 axb4 17. axb4 Rxa1 18. Rxa1 Nde5 19. Nxe5 Nxe5 20. bxc5 Nxd3 21. Bxd4 Rd8 22. Bd5 Nxc5 23. Qc3 Nd3 24. Bxg7 Rxd5 25. cxd5 Qxc3 26. Bxc3 Nxf2 27. Ra8+ 1-0

[Event "Provence-ch access Meyreuil 9394"]
[Site "France"]
[Date "1993.??.??"]
[Round "4"]
[White "Tomasi, Stephane"]
[Black "Pieri, Thierry"]
[Result "0-1"]
[WhiteElo "1760"]
[BlackElo "1800"]
[PlyCount "138"]
[EventDate "1993.??.??"]
[EventType "tourn"]
[EventRounds "9"]
[EventCountry "FRA"]
[SourceTitle "EXT 2005"]
[Source "ChessBase"]
[SourceDate "2004.11.15"]
[SourceVersion "1"]
[SourceVersionDate "2004.11.15"]
[SourceQuality "1"]

1. b4 c6 2. Bb2 a5 3. bxa5 Qxa5 4. Nf3 Nf6 5. e3 g6 6. c4 Bg7 7. Be2 0-0 8. 0-0 d6 9. d4 Ne4 10. Qc2 d5 11. Nbd2 Bf5 12. Bd3 Nxd2 13. Nxd2 Bxd3 14. Qxd3 f5 15. Nb3 Qa6 16. Rfc1 Nd7 17. Qc2 e6 18. f4 Nb6 19. Nc5 Qxc4 20. Nxe6 Rf6 21. Qf2 Qb4 22. Nxg7 Kxg7 23. Bc3 Qe7 24. Rab1 Nc4 25. Bb4 Qe4 26. Re1 Rf7 27. Bc5 b5 28. Rb3 Ra4 29. a3 Rc7 30. Qh4 Qe6 31. Qd8 Rc8 32. Qe7+ Qxe7 33. Bxe7 Kf7 34. Bb4 Rca8 35. Ra1 Ke6 36. Kf2 Kd7 37. h3 h5 38. Kg3 Nd6 39. Rc1 Ne4+ 40. Kf3 Rxb4 41. Rxb4 Rxa3 42. Rb2 Nd6 43. Re2 h4 44. g3 hxg3 45. Kxg3 Nc4 46. Kf2 b4 47. Rg1 b3 48. Rxg6 b2 49. Rg1 Ra1 50. Ree1 Rxe1 51. Rxe1 Nd2 52. h4 b1Q 53. Rxb1 Nxb1 54. h5 Ke7 55. Kg3 Nd2 56. h6 Kf7 57. Kh4 Ne4 58. Kh5 Kf6 59. h7 Kg7 60. h8Q+ Kxh8 61. Kg6 Kg8 62. Kxf5 Kf7 63. Ke5 Ke7 64. f5 Nf6 65. Kf4 Nd7 66. e4 dxe4 67. Kxe4 Kf6 68. Kf4 Nb6 69. Ke4 Nd5 0-1

[Event "Provence-chB"]
[Site "Provence"]
[Date "1990.??.??"]
[Round "3"]
[White "Tomasi, Stephane"]
[Black "Vallette, Patrick"]
[Result "1/2-1/2"]
[WhiteElo "1710"]
[BlackElo "1840"]
[PlyCount "84"]
[EventDate "1990.??.??"]
[EventType "swiss"]
[EventRounds "7"]
[EventCountry "FRA"]
[SourceTitle "EXT 2005"]
[Source "ChessBase"]
[SourceDate "2004.11.15"]
[SourceVersion "1"]
[SourceVersionDate "2004.11.15"]
[SourceQuality "1"]

1. e4 e6 2. d4 a6 3. f4 b5 4. Nf3 Bb7 5. Bd3 c5 6. c3 Nf6 7. Qe2 cxd4 8. cxd4 Nc6 9. Nbd2 Nb4 10. Bb1 Qc7 11. Nb3 Rc8 12. 0-0 Nc2 13. Bxc2 Qxc2 14. Qxc2 Rxc2 15. e5 Nd5 16. Bd2 Be7 17. Rfc1 Rxc1+ 18. Rxc1 0-0 19. Nc5 Bxc5 20. Rxc5 f6 21. Ne1 fxe5 22. fxe5 Nf4 23. Bxf4 Rxf4 24. Rc7 Bc6 25. Nf3 Bxf3 26. gxf3 Rxd4 27. Kf2 Rd2+ 28. Ke3 Rxb2 29. Rxd7 Rxa2 30. Re7 b4 31. Rxe6 Ra5 32. f4 Rb5 33. Rxa6 b3 34. Ra1 b2 35. Rb1 Kf7 36. Ke4 Rb4+ 37. Kd5 Rxf4 38. Rxb2 h5 39. Rb7+ Kf8 40. Rb8+ Ke7 41. Rb7+ Kf8 42. Rb8+ Ke7 1/2-1/2